[Event "Agneaux St Lo op 07th"]
[Site "Agneaux"]
[Date "2003.02.27"]
[Round "2"]
[White "Mirey, Eric"]
[Black "Wielezynski, Olivier"]
[Result "0-1"]
[WhiteElo "1920"]
[BlackElo "1580"]
[PlyCount "36"]
[EventDate "2003.02.26"]
[EventType "swiss"]
[EventRounds "7"]
[EventCountry "FRA"]
[SourceTitle "EXT 2004"]
[Source "ChessBase"]
[SourceDate "2003.11.25"]
[SourceVersion "1"]
[SourceVersionDate "2003.11.25"]
[SourceQuality "1"]

1. e4 c5 2. d4 cxd4 3. c3 dxc3 4. Nxc3 e6 5. Bc4 Nc6 6. Nf3 Qc7 7. 0-0 a6 8. Qe2 Nge7 9. Rd1 Ng6 10. Nd5 Qd8 11. Nc3 b5 12. Bb3 Bb4 13. Ng5 Bb7 14. f4 Bc5+ 15. Be3 Nxf4 16. Qd2 Bxe3+ 17. Qxe3 Qxg5 18. Qf2 Nh3+ 0-1